Score 0/25 Timer 07:00
6 Plays Today
% Correct
Michael Jackson
98.4%
Barack Obama
98.1%
Queen Elizabeth II
94.5%
Bill Clinton
94.3%
Nelson Mandela
93.5%
Paul McCartney
92.4%
Madonna
91.6%
Muhammad Ali
91.3%
David Bowie
89.9%
Beyoncé
89.1%
Bob Marley
88.5%
Samuel L. Jackson
85.9%
Ray Charles
82.3%
% Correct
Bob Dylan
75.7%
Bette Midler
75.5%
Usher
73.9%
Luciano Pavarotti
73.3%
Kobe Bryant
72.3%
Aretha Franklin
71.6%
Diana Ross
69.8%
James Corden
66.7%
Grover
64.1%
Smokey Robinson
42.2%
Miles Davis
23.2%
Marvin Gaye
23.2%
Remove Ads.
Support Sporcle.
Get the best of Sporcle when you Go Orange. This ad-free experience offers more features, more stats, and more fun while also helping to support Sporcle. Thank you for becoming a member.

You're not logged in!

Compare scores with friends on all Sporcle quizzes.
OR
Log In

Show Comments

Extras

Top Quizzes Today


Score Distribution

Your Account Isn't Verified!

In order to create a playlist on Sporcle, you need to verify the email address you used during registration. Go to your Sporcle Settings to finish the process.

Report this User

Report this user for behavior that violates our Community Guidelines.

Details: